000
00316 a2200157 4500
001
62194
020
_a
978521712934
040
_c
Anchieta - Pituba
100
_a
Stranks, Jeff
240
1
0
_a
More!
_l
Ing
245
1
0
_a
More!
300
_a
143
362
0
_a
2008
650
4
_a
Inglês e inglês antigo
942
_c
BK
999
_c
62194
_d
62194